000 07723namaa22004211i 4500
003 OSt
005 20260420095318.0
008 250827s2024 ua a|||frm||| 000 0 eng d
040 _aEG-GICUC
_bara
_cEG-GICUC
_dEG-GICUC
_erda
041 0 _aara
_bara
_beng
049 _aإيداع
082 0 4 _a370
092 _a370
_221
097 _aدكتوراه‎
099 _aCai01.18.06.Ph.D.2025.مح.د
100 0 _a،محمد هشام صالحين محمد صالحين
_eإعداد.
245 1 0 _aدور تطبيق التحول الرقمي على تحسين جودة العملية التعليمية /
_cإعداد محمد هشام صالحين محمد صالحين؛ إشراف أ. د/ صــــلاح مــهــــدي مــحــمـــــد رمضان، د/ إبــــراهــيــم الـــسيـــــد ســعــــــد الـديـــــن.
246 1 5 _aThe role of applying digital transformation applications to improve the quality of the educational process /
264 0 _c2025.
300 _a197 ورقة :
_bإيضاحيات ؛
_c30 سم. +
_eCD.
336 _atext
_2rda content
337 _aUnmediated
_2rdamedia
338 _avolume
_2rdacarrier
502 _aأطروحة (دكتوراه)-جامعة القاهرة، 2025.
504 _aببليوجرافيا: صفحات 220-240.
520 _aهدفت هذه الدراسة إلى تسليط الضوء على أهمية دور تطبيق التحول الرقمي على جودة العملية التعليمية، وتحديد أهدافه ومبرراته وفوائده، وكذلك مقوماته ومراحله ومتطلباته. كما تهدف الدراسة إلى تحديد التحديات والمعوقات التي تواجه التحول الرقمي في الجامعة، من أجل تقديم مقترحات لتفعيل التحول الرقمي في العملية التعليمية للوصول غلى أعلى مستوى من الجودة، استخدمت الدراسة المنهج الوصفي، بالاستعانة بطريقة المسح الاجتماعي، حيث تم تطبيق استمارة استبيان على عينة قوامها 400 من أعضاء هيئة التدريس والعاملين والطلاب بجامعة المنيا. كما تم استخدام المقابلات المتعمقة مع مجموعة من أعضاء هيئة التدريس ومتخذي القرار والاداريين والطلاب، أظهرت نتائج الدراسة أن أكثر من نصف عينة الدراسة يؤكدون على وجود مزايا للتحول الرقمي في الجامعة، بما في ذلك تحسين عملية صنع القرار، وتحديث النواحي الإدارية، وتحسين الأداء الأكاديمي والمهني لأعضاء هيئة التدريس، وتحسين جودة البرامج والمقررات الدراسية، كما أظهرت نتائج الدراسة الميدانية أن إحداث تطوير وتحسين البرامج والمناهج التعليمية تُعد أهم أهداف التحول الرقمي في الجامعة، يلي ذلك علي الترتيب: تُمكن الطلاب من البحث والابتكار والإبداع، إكساب المهارات الضرورية من أجل التعامل مع التكنولوجيا الحديثة، الإسهام في متابعة مستجدات سوق العمل والنماذج الاقتصادية المبتكرة، والأدوار الجديدة لأطراف العملية التعليمية، تنمية خبرات التعليم الذاتي والتعليم المستمر، تعزيز التعاون بين مختلف الجامعات والمراكز البحثية بتبادل قواعد البيانات، وأخيرًا استخدام تطبيقات الواقع الافتراضي والواقع المعزز. هذا يؤكد على أن التحول الرقمي في المؤسسات التعليم العالي له هدف في تطوير وتحسين المناهج التعليمية والتخطيط لعملياتهم والتدريب عليها حتى الوصول إلى حد التمكن والإتقان في العملية التعليمية.السؤال البحثي المركزي : ما مدى دور تطبيق التحول الرقمي على تحسين جودة العملية التعليمية
520 _aThis study aimed to highlight the importance of digital transformation in improving the quality of the educational process, identifying its objectives, justifications, and benefits, as well as its components, stages, and requirements. The study also aimed to identify the challenges and obstacles facing digital transformation at the university, with the aim of providing proposals for activating digital transformation in the educational process to achieve the highest level of quality. The study used a descriptive approach, utilizing a social survey method. A questionnaire was administered to a sample of 400 faculty members, staff, and students at Minya University. In-depth interviews were also conducted with a group of faculty members, decision-makers, administrators, and students. The study results showed that more than half of the study sample confirmed the benefits of digital transformation at the university, including improving the decision-making process, modernizing administrative aspects, enhancing the academic and professional performance of faculty members, and improving the quality of programs and courses. The results of the field study also showed that developing and improving educational programs and curricula are the most important goals of digital transformation at the university, followed, in order, by: enabling students to research, innovate, and create; providing the necessary skills to deal with modern technology; contributing to monitoring labor market developments and innovative economic models, and new roles for stakeholders in the educational process; developing self-learning and continuing education experiences; enhancing cooperation between various universities and research centers by exchanging databases; and finally, using virtual reality and augmented reality applications. This confirms that digital transformation in higher education institutions aims to develop and improve educational curricula, planning their operations, and training them until they reach the level of mastery and proficiency in the educational process.The central research question is: To what extent does digital transformation contribute to improving the quality of the educational process?
530 _aصدر أيضًا كقرص مدمج.
546 _aالنص بالعربية والملخص باللغة الإنجليزية والعربية.
650 7 _aالتعليم
_2qrmak
653 0 _aالتحول الرقمي
_aجودة العملية التعليمية
700 0 _aصــــلاح مــهــــدي مــحــمـــــد رمضان
_eمشرف أطروحة.
700 0 _aإبــــراهــيــم الـــسيـــــد ســعــــــد الـديـــــن
_eمشرف أطروحة.
900 _b08-05-2025
_cصــــلاح مــهــــدي مــحــمـــــد رمضان
_cإبــــراهــيــم الـــسيـــــد ســعــــــد الـديـــــن
_dأمل عبدالفتاح
_dخالد مهني تهامي
_Uجامعة القاهرة
_Fكلية الدراسات العليا للبحوث الإحصائية
_Dقسم إدارة المشروعات
905 _aSara
942 _2ddc
_cTH
_e21
_n0
999 _c179597